The new capitalism

An incisive look at American business in transition. Examines the new course being charted by companies both large (such as IBM and TRW) and small (such as Microsoft and Genentech). Integrates a range of data, trends, and opinions of what the future will look like and how to prepare for it. Topics i...

Descripció completa

Guardat en:
Dades bibliogràfiques
Autor principal: Halal, William E.
Format: Llibre
Idioma:Undetermined
Publicat: New York Wiley 1966
Matèries:
Etiquetes: Afegir etiqueta
Sense etiquetes, Sigues el primer a etiquetar aquest registre!
Thư viện lưu trữ: Trung tâm Học liệu Trường Đại học Cần Thơ
LEADER 01015nam a2200205Ia 4500
001 CTU_218788
008 210402s9999 xx 000 0 und d
020 |c 24.95 
082 |a 658.4012 
082 |b H157 
100 |a Halal, William E. 
245 4 |a The new capitalism 
245 0 |c William E. Halal 
260 |a New York 
260 |b Wiley 
260 |c 1966 
520 |a An incisive look at American business in transition. Examines the new course being charted by companies both large (such as IBM and TRW) and small (such as Microsoft and Genentech). Integrates a range of data, trends, and opinions of what the future will look like and how to prepare for it. Topics include soft growth, participative leadership, creative enterprise, economic community, and democratic free enterprise. 
650 |a Industrial management,Entrepreneurship,Capitalism,Quản trị công nghiệp,Doanh nhân,Chủ nghĩa tư bản 
904 |i Qhieu 
980 |a Trung tâm Học liệu Trường Đại học Cần Thơ